Junior English dictionary. (Record no. 105522)
[ view plain ]
| 000 -LEADER | |
|---|---|
| fixed length control field | 00379nam a2200145 a 4500 |
| 005 - DATE AND TIME OF LATEST TRANSACTION | |
| control field | 20140412111404.0 |
| 008 - FIXED-LENGTH DATA ELEMENTS--GENERAL INFORMATION | |
| fixed length control field | 060126s19uu xx 00 eng d |
| 020 ## - INTERNATIONAL STANDARD BOOK NUMBER | |
| International Standard Book Number | 1-84239-544-0 |
| 050 ## - LIBRARY OF CONGRESS CALL NUMBER | |
| Classification number | REF 423 |
| Item number | Ju1 |
| 245 ## - TITLE STATEMENT | |
| Title | Junior English dictionary. |
| 260 ## - PUBLICATION, DISTRIBUTION, ETC. (IMPRINT) | |
| Place of publication, distribution, etc | London : |
| Name of publisher, distributor, etc | Alligator Books Ltd. |
| 300 ## - PHYSICAL DESCRIPTION | |
| Extent | 436 p. |
| 650 ## - SUBJECT ADDED ENTRY--TOPICAL TERM | |
| Topical term or geographic name as entry element | English language |
| General subdivision | Dictionary |
| Withdrawn status | Lost status | Damaged status | Use restrictions | Home library | Current library | Shelving location | Date acquired | Source of acquisition | Total Checkouts | Full call number | Barcode | Date last seen | Price effective from | Koha item type |
|---|---|---|---|---|---|---|---|---|---|---|---|---|---|---|
| Elizalde Library | Elizalde Library | Reference Section | 01/27/2006 | REF 423 Ju1 | E10282 | 04/12/2014 | 04/12/2014 | Books |